• 首页
  • 本馆介绍
  • 公告通知
  • 最新文献
  • 馆藏检索
  • 电子资源
  • 读者导购
  • 参考咨询
  • 我的图书馆
  • 登录
  • 详细信息显示
  • 放入我的书架
  • 预约/预借图书
  • 作者相关作品
  • 分类相关作品
  • 丛书相关作品
  • 出版社相关作品

书目信息

  • 表格格式
  • 工作单格式
  • 卡片格式
题名:
病理检验学实验技术与方法
    
 
作者: 石搏, , 闻春艳, , 黄可欣, 主编
分册:  
出版信息: 长春   吉林大学出版社  2020
页数: 295页
开本: 24cm
丛书名:
单 册:
中图分类: R446.8
科图分类:
主题词: 病理学--bing li xue--实验室诊断
电子资源:
ISBN: 978-7-5692-6535-4
000 01391nam0 2200253 450
001 2368897545
005 20231224144836.27
010    @a978-7-5692-6535-4@dCNY76.00
100    @a20200811d2020 em y0chiy50 ea
101 0  @achi
102    @aCN@b220000
105    @ay z 000yy
200 1  @a病理检验学实验技术与方法@Abing li jian yan xue shi yan ji shu yu fang fa@f石搏, 闻春艳, 黄可欣主编
210    @a长春@c吉林大学出版社@d2020
215    @a295页@d24cm
314    @a石搏 (1968-), 男, 实验师, 学士, 吉林大学基础医学院。闻春艳 (1968-), 女, 副主任技师, 硕士, 吉林大学中日联谊医院, 研究方向: 细胞病理学技术及诊断。黄可欣 (1968-), 女, 实验师, 硕士, 吉林大学基础医学院。
330    @a本书介绍了病理检验学实验技术与方法, 包括实验室显微镜标本制作、常规病理检验方法与特殊检验方法、组织化学染色方法、实验室常用血液学和组织或细胞检验等部分内容, 可供医学相关专业的学生学习使用。书中涵盖的病理实验技术、组织学实验技术和检验技术的常规内容, 适用于病理学切片技术、组织学切片技术和检验技术的实验人员学习, 它以实用、全面的技巧和纠错相结合为特点, 以侧重培养实验机能为宗旨, 书中罗列的实验方法便于专业技术人员和研究生理解和掌握。
606 0  @a病理学@Abing li xue@x实验室诊断
690    @aR446.8@v5
701  0 @a石搏,@Ashi bo@f1968-@4主编
701  0 @a闻春艳,@Awen chun yan@f1968-@4主编
701  0 @a黄可欣,@Ahuang ke xin@f1974-@4主编
801  0 @aCN@b湖北三新@c20200811
905    @aZUCC@dR446.8@e3
    
    病理检验学实验技术与方法/石搏, 闻春艳, 黄可欣主编.-长春:吉林大学出版社,2020
    295页;24cm
    
    
    ISBN 978-7-5692-6535-4:CNY76.00
    本书介绍了病理检验学实验技术与方法, 包括实验室显微镜标本制作、常规病理检验方法与特殊检验方法、组织化学染色方法、实验室常用血液学和组织或细胞检验等部分内容, 可供医学相关专业的学生学习使用。书中涵盖的病理实验技术、组织学实验技术和检验技术的常规内容, 适用于病理学切片技术、组织学切片技术和检验技术的实验人员学习, 它以实用、全面的技巧和纠错相结合为特点, 以侧重培养实验机能为宗旨, 书中罗列的实验方法便于专业技术人员和研究生理解和掌握。
●
相关链接 在五车中查询图书 在当当中查询图书 在豆瓣中查询图书


正题名:病理检验学实验技术与方法     索取号:R446.8/3         预约/预借

序号 登录号 条形码 馆藏地/架位号 状态 备注
1 2001303299   2001303299   320书库/ [索取号:R446.8/3] 在馆    
2 2001303300   2001303300   320书库/ [索取号:R446.8/3] 在馆    
3 2001303301   2001303301   320书库/ [索取号:R446.8/3] 在馆    
4 2001303302   2001303302   320书库/ [索取号:R446.8/3] 在馆    
5 2001303303   2001303303   320书库/ [索取号:R446.8/3] 在馆    
6 2001303304   2001303304   320书库/ [索取号:R446.8/3] 在馆    
7 2001303305   2001303305   320书库/ [索取号:R446.8/3] 在馆    
8 2001303306   2001303306   320书库/ [索取号:R446.8/3] 在馆    
9 2001303307   2001303307   320书库/ [索取号:R446.8/3] 在馆    
10 2001303308   2001303308   320书库/ [索取号:R446.8/3] 在馆    
11 2001303309   2001303309   320书库/ [索取号:R446.8/3] 在馆    
12 2001303310   2001303310   320书库/ [索取号:R446.8/3] 在馆    
13 2001303311   2001303311   320书库/ [索取号:R446.8/3] 在馆    
14 2001303312   2001303312   320书库/ [索取号:R446.8/3] 在馆    
15 2001303313   2001303313   320书库/ [索取号:R446.8/3] 在馆    
16 2001303314   2001303314   320书库/ [索取号:R446.8/3] 在馆    
17 2001303315   2001303315   320书库/ [索取号:R446.8/3] 在馆    
18 2001303316   2001303316   320书库/ [索取号:R446.8/3] 在馆    
19 2001303317   2001303317   320书库/ [索取号:R446.8/3] 在馆    
20 2001303318   2001303318   320书库/ [索取号:R446.8/3] 在馆    
21 2001303319   2001303319   320书库/ [索取号:R446.8/3] 在馆    
22 2001303320   2001303320   320书库/ [索取号:R446.8/3] 在馆    
山东省滨州职业学院图书馆 欢迎您!
大连网信软件有限公司© 版权所有